[Event "Yongchuan zt 3.3"]
[Site "Yongchuan"]
[Date "2003.07.22"]
[Round "10"]
[White "Wang, Zili"]
[Black "Zhang, Pengxiang"]
[Result "0-1"]
[WhiteElo "2542"]
[BlackElo "2567"]
[Annotator "Postny,E"]
[PlyCount "68"]
[EventDate "2003.07.11"]
[EventType "tourn"]
[EventRounds "11"]
[EventCountry "CHN"]
[EventCategory "12"]
[SourceTitle "CBM 097"]
[Source "ChessBase"]
[SourceDate "2003.11.11"]
[SourceVersion "1"]
[SourceVersionDate "2003.11.11"]
[SourceQuality "1"]

1. e4 c5 2. Nf3 Nc6 3. d4 cxd4 4. Nxd4 g6 5. c4 Bg7 6. Be3 Nf6 7. Nc3 O-O 8.
Be2 d6 9. Rc1 ({More popular is} 9. O-O) 9... Nxd4 10. Bxd4 Be6 11. Qd2 Qa5 12.
f3 Rfc8 13. b3 a6 14. O-O $6 {This is not a suitable moment to castle, since
it allows black to carry out the desirable b7-b5 advance.} ({The main line is} 
14. Be3 {[%cal Gc3d5] However, this leads to a well known position with
white's turn to move, but in this case it's black's turn and he can equalize
relatively easily. For instanse:} b5 (14... Nd7 15. Nd5 Qxd2+ 16. Kxd2 Bxd5 17.
cxd5 Bb2 {+/=/= 1/2-1/2 Malaniuk,V-Malakhatko,V/Donetsk 1998/CBM 68 (45)}) 15.
Nd5 Qxd2+ 16. Kxd2 Nxd5 17. cxd5 (17. exd5 Bd7 18. Bd3 b4 19. Ke2 a5 20. Rc2 h5
21. Bc1 Rc7 22. Bb2 a4 $15 {0-1 Dolmatov,S-Cifuentes Parada,R/Buenos Aires
1991/CBM 24 (43)}) 17... Bd7 18. Rxc8+ Rxc8 19. Rc1 Rxc1 20. Kxc1 Kf8 {1/2-1/2
Ernst,T-Petursson,M/Reykjavik 1994}) ({Interesting is:} 14. Na4 $5 Qxd2+ 15.
Kxd2 Nxe4+ 16. Ke3 {- see the annotated game Bokros,A-Rajlich,V/Budapest 2002/
CBM 89 [Mueller,Karsten]}) (14. a4 Nd7 15. Bxg7 Kxg7 16. Nd5 Qxd2+ 17. Kxd2 Nc5
18. Rc3 Bxd5 19. exd5 a5 $11 {1/2-1/2 Stefansson,H-Tiviakov,S/Mamaia 1991/CBM
25 ext (42)}) 14... b5 $1 15. cxb5 axb5 {It's clear that black got a good
position out of the opening. White should fight for the equality.} 16. Rfd1 (
16. Bxb5 Rxc3 17. Rxc3 Qxb5 18. Rfc1 Qa5 $15 {0-1 Baginskaite,C-Xu Yuhua/
Moscow 2001/CBM 85 ext (38)}) (16. Rc2 Nxe4 17. fxe4 Bxd4+ 18. Qxd4 b4 $17 {
0-1 Hvenekilde,J-Mortensen,E/Copenhagen 1994/EXT 99 (33)}) (16. Qd3 Rab8 17. f4
b4 18. Na4 Rxc1 19. Rxc1 Bd7 $15 {0-1 Skorchenko,D-Masalov,A/Serpukhov 1999/
EXT 2000 (37)}) 16... b4 17. Na4 Rcb8 $146 (17... Nd7 18. Bxg7 Kxg7 19. Qd4+ f6
20. Bc4 Bxc4 21. Rxc4 Rxc4 22. Qxc4 Qa7+ 23. Kf1 Nb6 $15 {0-1 Naylor,
J-Palliser,R/Hampstead 1998/EXT 99 (49)}) 18. Bf1 (18. e5 dxe5 19. Rc5 Qd8 20.
Bxe5 Qxd2 21. Rxd2 Bh6 $1 22. f4 Ne4 23. Bxb8 Rxb8 $15) 18... Nd7 $1 (18... Bd7
19. e5 $1 Ne8 (19... dxe5 $6 20. Rc5) 20. exd6 Bxd4+ 21. Qxd4 Bxa4 22. d7 Bxd7
23. Qxd7 $11) 19. Bxg7 Kxg7 20. Qe1 $2 {Just blundering a pawn.} ({Logical
would have been} 20. Qd4+ Kg8 21. Rd2 {and white's position is only slightly
inferior.}) 20... Nb6 $1 21. Nxb6 Qxb6+ 22. Kh1 Rxa2 {Black won a pawn with
the better position.} 23. Bc4 Bxc4 24. Rxc4 Qa5 25. h3 Rb5 $5 {A creative
manoeuvre.} ({More natural seems to be} 25... Qg5 26. Qg1 Kg8) 26. Qe3 Rg5 27.
Rg1 $6 {Too passive.} (27. Rd2 $142) 27... f6 28. Qc1 $6 {The last mistake,
which puts an end to white's suffering.} {[%tqu "En","Please enter a move for
black.","","","g5g2","Simplifying to a won endgame.",10]} Rgxg2 $1 {
Simplifying to a won endgame.} 29. Rxg2 Ra1 30. Qxa1 Qxa1+ 31. Kh2 Qa3 $1 {
Winning another pawn...} 32. Rc7 Kf7 33. Rd2 Qxb3 34. Rxd6 Qxf3 0-1

[Event "EU-chT (Men) 14th"]
[Site "Plovdiv"]
[Date "2003.10.12"]
[Round "2.2"]
[White "Babula, Vlastimil"]
[Black "Pavlovic, Milos"]
[Result "1/2-1/2"]
[WhiteElo "2567"]
[BlackElo "2593"]
[Annotator "Postny,E"]
[PlyCount "83"]
[EventDate "2003.10.10"]
[EventType "team-swiss"]
[EventRounds "9"]
[EventCountry "BUL"]
[SourceTitle "CBM 098"]
[Source "ChessBase"]
[SourceDate "2004.02.03"]
[SourceVersion "1"]
[SourceVersionDate "2004.02.03"]
[SourceQuality "1"]
[WhiteTeam "Czech Republic"]
[BlackTeam "Serbia & Montenegro"]
[WhiteTeamCountry "CSR"]
[BlackTeamCountry "YUG"]

1. d4 Nf6 2. c4 g6 3. Nc3 Bg7 4. e4 d6 5. Nf3 O-O 6. Be2 c5 {This way the
position transposes from the King's Indian to Maroczy setup.} 7. O-O cxd4 8.
Nxd4 Nc6 9. Be3 Nxd4 10. Bxd4 Bd7 11. Kh1 $5 {This is a rare line. White is
preparing aggressive operations on the kingside.} ({The main and the most
solid line goes with} 11. Qd2 Bc6 12. f3 {etc.}) 11... Bc6 12. Qd3 {White is
defending the Pe4 with his queen in order to play f2-f4 on the next move.} ({
Here} 12. f3 {is not the way to justify white's previous move.}) 12... a5 13.
f4 (13. Rae1 Nd7 14. Bxg7 Kxg7 15. Qd4+ Kg8 16. Qd2 Nc5 17. Bd1 e5 18. Bc2 Ne6
19. Re3 {1/2-1/2 Piket,J-Nijboer,F/Escaldes 1998/CBM 68 (19)}) 13... Nd7 (13...
a4 {- see the commented game Stefansson,H-Nielsen,P/Munkebo 1998/CBM 67 
[Tsesarsky]}) 14. Bxg7 Kxg7 15. Bg4 (15. Rad1 a4 (15... Qb6 16. Rd2 Rfe8 17.
Bg4 Nf6 18. Bh3 Qc5 19. Nd5 Nxe4 20. Qxe4 e6 21. Qe3 exd5 22. Qxc5 dxc5 23.
cxd5 Rad8 $17 {0-1 Dueball,J-Andersson,U/Ribe 1973/EXT 2001 (29)}) 16. Bf3 f6
17. Bg4 Nc5 18. Qe3 e5 19. f5 g5 20. Rd2 $14 {1/2-1/2 Rogers,J-Pert,R/Telford
2003 (61)}) (15. Rfd1 Qb6 16. Rd2 Qc5 17. Re1 Qf2 18. Rf1 Qc5 19. Rc2 Rac8 20.
Rfc1 Qf2 21. Bf3 Nc5 22. Qf1 Qe3 23. Bg4 Rce8 24. Rd1 e5 $15 {0-1
Chiburdanidze,M-Andres Mendez,M/Havana 1985/EXT 99 (57)}) 15... Nf6 16. Bh3
$146 (16. Bf3 e5 17. g3 Qe7 18. Bg2 Rad8 19. f5 g5 20. Rad1 h6 21. Rd2 $14 {
1-0 Jakobsen,O-Hoi,C/Norresundby 1984/EXT 2000 (77)}) 16... e5 $2 {After this
unfortunate strike black's position starts to fall apart.} ({Possible was} 
16... Qb6 17. e5 Ne8) 17. Rad1 Re8 {[%tqu "En","Please enter a move for white.
","","","c4c5","This strong move was probably overlooked or underestimated by
Pavlovic.",10]} 18. c5 $1 {This strong move was probably overlooked or
underestimated by Pavlovic.} Nh5 (18... dxc5 19. fxe5 Nxe4 20. Qc4 $18) 19.
fxe5 dxe5 (19... dxc5 $2 20. Qf3 $18 {[%csl Rd8,Rf7,Rh5][%cal Gg2g4]}) 20. Qc4
Qe7 21. g3 $6 ({Stronger was the immediate} 21. Nd5 Bxd5 22. exd5 f5 23. d6 $16
) 21... f5 22. Nd5 Bxd5 $6 {Very risky decision.} ({Much safer} 22... Qf7) 23.
exd5 Rac8 24. d6 Qd7 25. g4 $5 (25. Bg2 $16) 25... b5 $1 (25... Nf4 26. Rxf4 $1
exf4 27. Qd4+ Kg8 28. Bg2 $40 {[%cal Gg2d5]}) 26. Qc3 b4 27. Qc4 (27. Qf3 $5
Nf4 28. gxf5 Nxh3 29. Qxh3 Qc6+ 30. Rf3 $16) 27... Nf6 (27... Nf4 28. Rxf4 $1
exf4 29. Qd4+ Kg8 30. Bg2 $40) 28. gxf5 Qc6+ 29. Bg2 Qxc5 30. Qa6 $1 (30. Qh4
$6 Rf8 $13) 30... Rf8 $2 {This is a losing move.} ({Necessary was} 30... Rcd8 {
not allowing white to advance his "d" pawn so easily.}) 31. fxg6 hxg6 32. d7
Rcd8 33. Qe6 {[%cal Gd1d6]} ({Even stronger was} 33. Rd6 Nh7 34. Rxg6+ Kh8 35.
Qe6 $18) 33... Nh5 34. Be4 $4 {This move spoiles all white's advantage.} ({
Simple and strong was} 34. Rxf8 Qxf8 (34... Rxf8 35. Qe8 $18) 35. Qxe5+ $18)
34... Rxf1+ 35. Rxf1 Nf4 36. Rxf4 (36. Qe8 Qd4 37. Qe7+ Kh6 38. Qh4+ Kg7 (38...
Nh5 $2 39. Rg1 $1 $18) 39. Rxf4 exf4 40. Qe7+ Kh6 $11) 36... Qc1+ 37. Kg2 Qxf4
38. Qxg6+ Kf8 39. Qd6+ Kg7 {White has no more, than perpetual check.} 40. Qg6+
(40. Qe7+ Kh6 41. Qh7+ Kg5 42. Qg7+ Kh4 (42... Kh5 $4 43. Bf3+ Kh4 44. Qh7+ Kg5
45. Qe7+ Qf6 46. h4+ Kf5 47. Be4+ $18) 43. Qh7+ Kg5 $11) 40... Kf8 41. Qd6+ Kg7
42. Qg6+ 1/2-1/2

[Event "Paris Apsap op 103rd"]
[Site "Paris"]
[Date "2008.08.10"]
[Round "4"]
[White "Vallejo Pons, Francisco"]
[Black "Debray, Christopher"]
[Result "1-0"]
[WhiteElo "2650"]
[BlackElo "2378"]
[Annotator "Primel,D"]
[PlyCount "39"]
[EventDate "2008.08.06"]
[EventType "swiss"]
[EventRounds "9"]
[EventCountry "FRA"]
[SourceTitle "EXT 2010"]
[Source "ChessBase"]
[SourceDate "2010.11.25"]
[SourceVersion "1"]
[SourceVersionDate "2010.11.25"]
[SourceQuality "1"]

1. c4 {(1h40)} c5 2. Nf3 g6 3. d4 Bg7 4. e4 (4. d5 Nf6 5. Nc3) 4... cxd4 5.
Nxd4 Nc6 6. Be3 (6. Nc2 Nf6 7. Nc3 d6) 6... Nh6 $5 {Une ligne secondaire de la
variante Marocsy} (6... Nf6 7. Nc3 O-O (7... Ng4 8. Qxg4 Nxd4 9. Qd1 Ne6 {
[%cal Gg7c3]} 10. Rc1 Qa5 11. Bd3 b6 12. Qd2 Bb7 13. O-O g5 {[%csl Gf4]} 14.
Rfd1 d6 15. Bb1 $14) 8. Be2 d6 9. O-O Bd7 10. Qd2 Nxd4 11. Bxd4 Bc6 12. f3 (12.
Bd3 {[%cal Ga1e1,Ge1e3,Ge3h3]}) 12... a5 13. b3 Nd7 14. Be3 Nc5 15. Rab1 {
La grande ligne}) 7. Nc3 (7. Be2 d6) 7... O-O 8. Be2 {(1h22)} f5 {Une des
ruptures possibles des noirs pour combattre l'étau de Maroczy mais c'est assez
risqué} (8... d6 {plus courant}) 9. exf5 $1 {(1h13)} Bxd4 10. Bxh6 (10. Bxd4 {
Furman,S-Spassky,B URS-ch24 Moscow 1957 (18) 0-1}) 10... Rxf5 $11 11. O-O {
(1h10)} Qb6 {la feuille de partie du français mentionne = J'ignore s'il s'agit
d'une proposition de nulle ou d'une simple annotation post mortem car celle du
GMI ne mentionne rien.} 12. Nd5 (12. Qd2 {plus simple} d6 13. Bd3 $14) 12...
Bxf2+ {(1h33) le français était probablement encore dans sa préparation car il
jouait vite l'ouverture.} 13. Kh1 Qxb2 $5 $146 {L'amélioration préparée par
DEBRAY et toutes les parties connues avaient continué avec Qd4 qui donne une
position égale.} (13... Qd4 {Grushevsky,A-Veresov,G URS-chT Moscow 1959 1-0})
14. Bf3 $1 $44 {joué après 10 minutes de réflexion du GMI pour évaluer la
nouveauté.} (14. Bg4 $5) 14... Rb8 $2 (14... e6 $142 15. Rb1 Qd4 16. Nc7 Rb8
17. Bxc6 dxc6 18. Rxf2 $1 Qxf2 19. Qd8+ Rf8 20. Bxf8 Qxf8 21. Ne8 Ra8 $1 22.
Nf6+ Kf7 {[%cal Gb1f1] la me,ace Rf1 force la répétition de coup Kg8f7g8} 23.
Ne8 Kg8) (14... Bc5 15. g4 Rf7 16. Nxe7+ $1) 15. Rb1 $1 $14 {Le manque de
coordination des pièces noires donne l'inititiative au GMI} Qd4 (15... Qxa2 $2
16. Nxe7+ $1 Nxe7 17. Qd6 {[%cal Gd6e7,Gd6b8]}) 16. Qe2 $16 {[%csl Rf2]} Bh4
17. g3 {(38mns)} (17. g4 $5) 17... Bf6 $2 {[%csl Rf5] Ferme l'accès aux cases
de repli pour la Rf5} (17... d6) 18. g4 $1 $18 {(33mns)} (18. Nxf6+) (18. Be3)
18... Re5 19. Nxf6+ exf6 $4 20. Bd5+ {[%cal Gf1f6,Gf6f8]} 1-0

[Event "FRA-chT Top 16 Gp Haute"]
[Site "Guingamp"]
[Date "2010.06.03"]
[Round "8.5"]
[White "Feller, Sebastien"]
[Black "Skripchenko, Almira"]
[Result "1-0"]
[WhiteElo "2593"]
[BlackElo "2464"]
[Annotator "Primel,D"]
[PlyCount "73"]
[EventDate "2010.06.03"]
[EventType "team-tourn"]
[EventRounds "11"]
[EventCountry "FRA"]
[SourceTitle "EXT 2011"]
[Source "ChessBase"]
[SourceDate "2010.11.26"]
[SourceVersion "1"]
[SourceVersionDate "2010.11.26"]
[SourceQuality "1"]
[WhiteTeam "Evry Grand Roque"]
[BlackTeam "Clichy"]
[WhiteTeamCountry "FRA"]
[BlackTeamCountry "FRA"]

1. c4 c5 2. Nf3 Nc6 3. d4 cxd4 4. Nxd4 g6 5. e4 Bg7 6. Be3 Nf6 7. Nc3 O-O 8.
Be2 Nxd4 (8... d6 {La grande ligne dans cette variante Maroczy} 9. O-O Bd7 (
9... Nxd4 {L'alternative avant de jouer Bd7c6 pour éviter les ligne secondaire
Nb3 ou Nc2 laissant le Bd7 sur une case assez passive}) 10. Qd2 (10. Nb3 $5 {
[%csl Rd7]}) (10. Nc2 $5 {[%csl Rd7]}) 10... Nxd4 11. Bxd4 Bc6 12. f3 (12. Bd3)
12... a5 {[%cal Rf6d7,Rd7c5]} 13. b3 Nd7 14. Be3 Nc5 15. Rab1 Qb6 (15... f5 $5
16. exf5 gxf5 {Primel,D (2149)-Vachier Lagrave,M (2358) Paris-ch op 2002 (2)
0-1})) 9. Bxd4 d6 10. O-O Be6 {Une case naturelle pour le développement du B
mais il est exposé а la poussée thématique f4f5} (10... Bd7 11. Qd2 Bc6 {
Retombe sur la grande ligne} 12. f3 (12. Bd3 {[%cal Ga1e1,Ge1e3,Ge3h3]}) 12...
a5 13. b3 Nd7 14. Be3 Nc5 15. Rab1 Qb6) 11. b3 (11. f4 $1 {[%csl Re6][%cal
Gf4f5]} Qa5 12. Rc1 Rfc8 13. b3 a6 14. f5 $1) (11. Qd2 $1 Qa5 12. Rad1 {
[%cal Gd1d2,Gf2f4]} Rfc8 13. b3 a6 14. Bxf6 Bxf6 15. Nd5 $36 {[%cal Gd2a5,
Gd5f6]}) 11... Qa5 (11... Nd7 12. f4 Bxd4+ 13. Qxd4 Qb6 14. Qxb6 Nxb6 15. f5
$14) 12. f4 $1 {[%csl Re6] Comme les noirs ne font pas pression sur le Pe4 par
Bc6d7, les blancs ne sont pas obligés de jouer f2f3 comme dans la ligne
principale avec l'inconvénient d'avoir un mauvais Be2.} Rfc8 (12... Rac8 {
Plus courant} 13. Rc1 (13. f5 Bd7 14. Bxf6 Bxf6 15. Nd5 {[%csl Re7,Rf6]} Qc5+
16. Kh1 Kg7 17. Rc1 Bc6 18. b4 $14)) 13. Kh1 $5 (13. f5 {[%csl Re6]} Bd7 14.
fxg6 hxg6 15. Nd5 (15. Qd3 {[%cal Gd3e4]}) 15... Nxd5 16. exd5 {[%csl Re7]}
Bxd4+ 17. Qxd4 Qc5 18. Rad1 a5 19. Rf2 Qxd4 20. Rxd4 a4 21. b4 b5 22. cxb5 Rab8
23. Re4 Rc1+ 24. Rf1 Rxf1+ 25. Kxf1 e5 26. dxe6 fxe6 27. Ke1 d5 28. Rg4 {
Skembris,S (2431)-Argiroudis,S (2193)/Chalkidiki 2002/CBM 089 ext/1/2-1/2 (37)}
) 13... Rab8 (13... a6 14. f5 Bd7 15. Bxf6 Bxf6 16. Nd5 $16) (13... Qd8 14. f5
Bd7 15. Qd2 a6 {[%cal Gb7b5,Gd7b5]}) 14. f5 $1 {Les noirs ne peuvent pas
facilement profiter de l'affaiblissement de la case "e5" et les pièces lourdes
ont déserté l'aile-roi.} Bd7 (14... gxf5 $2 15. exf5 Bxf5 $4 16. b4) 15. fxg6 (
15. a3 $5 {[%csl Ra5][%cal Gb3b4]} a6 16. b4 Qd8 17. fxg6 hxg6 18. e5 dxe5 19.
Bxe5 Ra8 20. c5 $16) 15... hxg6 16. Nd5 $1 {Contrairement а la ligne
principale, les blancs ne craignent pas l'échange des B de cases noires car le
Be2 n'est pas trop mauvais et l'élève de Dorfman a du apprendre les parties du
patriarche Botvinnik dans ce genre de millieu de partie} Nxd5 17. exd5 {
[%csl Re7] les pièces noires manquent d'espace pour défendre la faiblesse "e7"}
Be5 (17... Bxd4 18. Qxd4 Qc5 19. Qf4 $1 {On voit l'intérêt d'avoir joué le
coup prophylactique Kh1 qui évite l'échange des Q qui soulagerait les noirs.})
18. Qd3 (18. Bxe5) 18... b5 {[%csl Ra5] Le contre-jeu noir est trop tardif et
la Qa5 n'apporte aucune défense.} (18... Bxd4 19. Qxd4 b5 20. Rae1 {[%csl Re7]}
Qxa2 $6 {[%csl Ra2]} (20... bxc4 21. Bxc4 Re8 22. Qf4 {[%csl Rf7]}) 21. Bd3 $44
{[%csl Re7,Rf7,Rg8][%cal Gf1f4,Gf4h4,Gh4h8]}) 19. Bxe5 dxe5 20. Qf3 Be8 21. Qg3
(21. Qe3) 21... bxc4 22. Bxc4 f6 {[%cal Gc4g8] risqué} (22... Bb5 {Perd un P
mais semble plus résistant} 23. Qxe5 Qc7) 23. d6+ {[%csl Rg6,Rg8][%cal Gc4g8]}
Kg7 24. Qh3 {[%cal Gd6d7]} f5 (24... Rxc4 $5 25. bxc4 exd6 $13) (24... exd6 $2
25. Qe6 {[%csl Rf6]}) 25. Qh4 Rb7 (25... Qd8 $1 {La Qa5 est hors-jeu et il
vaut mieux la ramener en défense} 26. dxe7 Qd6 27. Rad1 Qf6 {[%csl Ge5]} 28.
Qxf6+ Kxf6 29. Rd6+ Kxe7 30. Re6+ $1 Kf8 31. Rxe5 Rd8 {Malgré le P de moins,
la position noire reste tenable}) 26. Rad1 $40 {Les pièce blanches sont trés
actives alors que celles des noirs sont trés mal placées} Rd8 27. Rd5 Qb4 $2 (
27... Qb6 $8 28. Rd3 {[%cal Gd3h3]} e6 (28... Rxd6 29. Rh3) 29. Rfd1 {La
position noire est très difficile а sauver}) 28. Rd3 $18 Bf7 29. a3 Qxa3 30.
Bxf7 Kxf7 31. Qh7+ Kf6 32. Rg3 Ke6 33. Qxg6+ Kd7 34. Qxf5+ Kxd6 35. Rd1+ Kc7
36. Qxe5+ Kc8 37. Rc3+ 1-0